| 000 | 00780cam a2200265 a 4500 | ||
|---|---|---|---|
| 001 | 000010075 | ||
| 005 | 20200929161830.0 | ||
| 008 | 930803s1991 sp b 000 p spa d | ||
| 020 | _a8437610028 | ||
| 040 |
_aDO-SdBNP _cTxHR _dDLC |
||
| 082 |
_a861.6 _bB268p |
||
| 100 | 1 |
_aBarral, Carlos, _d1928-1989 _915590 |
|
| 245 | 1 | 0 |
_aPoesía / _cCarlos Barral ; edición de Carme Riera. |
| 260 |
_aMadrid : _bCátedra, _c1991. |
||
| 300 |
_a201 p. ; _c18 cm. |
||
| 490 | 1 |
_aLetras hispánicas _v334 |
|
| 504 | _aBibliografía: p. 67-70. | ||
| 650 | 4 |
_aPoesía española _9631 |
|
| 650 | 4 |
_aLiteratura española _9632 |
|
| 700 | 1 |
_aRiera, Carme, _eed. _915516 |
|
| 830 | 0 |
_aLetras hispánicas ; _v334 _94208 |
|
| 910 | _aCatalogación por copia / LC | ||
| 910 | _aWM | ||
| 049 | _aBNGR | ||
| 999 |
_c9834 _d9834 |
||